Greetings From the European Union - Statistics

General Stats
  • This quiz has been taken 53 times
  • The average score is 7 of 24
Answer Stats
Language Answer % Correct
English Hello
94%
France Bonjour
79%
Spanish Hola
79%
Dutch Hallo
75%
German Hallo
75%
Italian Ciao
58%
Portuguese Olá
44%
Danish Hej
31%
Swedish Hej
31%
Finland Hei
21%
Czech Ahoj
17%
Slovak Ahoj
17%
Croatian Zdravo
17%
Slovene Zdravo
17%
Irish Dia dhuit
15%
Romanian Buna
10%
Bulgarian Здравейте
8%
Hungarian Szia
8%
Maltese Bongu
6%
Latvian Sveiki
6%
Lithuanian Sveiki
6%
Estonian Tere
6%
Polish Witaj
6%
Greek Χαίρετε
4%
No matching quizzes found
Score Distribution
Percent of People with Each Score
Percentile by Number Answered
Your Score History
You have not taken this quiz